| 000 | 01040nac a22002891u 4500 | ||
|---|---|---|---|
| 003 | EG-ScBUE | ||
| 005 | 20221020100033.0 | ||
| 008 | 221020s1998 vraab f 001 0 eng d | ||
| 020 | _a187549832X | ||
| 020 | _a9781875498321 | ||
| 040 |
_aEG-ScBUE _beng _erda _cEG-ScBUE _dEG-ScBUE |
||
| 082 | 0 | 4 |
_a720.483 _bCOU _222 |
| 110 | 2 |
_aCouncil on Tall Buildings and Urban Habitat, _eauthor. |
|
| 245 | 1 | 0 |
_a100 of the world’s tallest buildings / _cCouncil on Tall Buildings and Urban Habitat ; [edited by] Ivan Zaknic, Matthew Smith, Dolores Rice. |
| 246 | _aOne hundred of the world’s tallest buildings | ||
| 264 | 1 |
_aMulgrave, Victoria : _bImages Publishing, _c1998. |
|
| 300 |
_a220 pages : _billustrations (some color), maps ; _c31 cm |
||
| 500 | _aIncludes index. | ||
| 650 | 7 |
_aTall buildings _2BUEsh |
|
| 650 | 7 |
_aSkyscrapers. _2BUEsh |
|
| 653 | _bENGARC | ||
| 655 | _vReading book | ||
| 700 | 1 |
_aSmith, Matthew, _eeditor. |
|
| 700 | 1 |
_aŽaknić, Ivan, _eeditor. |
|
| 700 | 1 |
_aRice, Dolores B., _eeditor. |
|
| 942 |
_cBB _2ddc |
||
| 999 |
_c3536 _d3536 |
||